| 000 | 00896nam a2200277 i 4500 | ||
|---|---|---|---|
| 001 | 019116192 | ||
| 003 | Uk | ||
| 005 | 20260202123719.0 | ||
| 008 | 180903s2019 enk b 001|0|eng d | ||
| 020 |
_a9781785042225 _qpaperback |
||
| 040 |
_aStDuBDS _beng _cStDuBDS _dUk _duoc _erda |
||
| 082 | 0 | 4 |
_a616.08 _223 _bGAB |
| 100 | 1 |
_aMaté, Gabor, _eauthor. |
|
| 245 | 1 | 0 |
_aWhen the body says no : _bthe cost of hidden stress / _cGabor Maté. |
| 250 | _bInternational Bestseller. | ||
| 264 | 1 |
_aLondon : _bVermilion, _c2019. |
|
| 264 | 4 | _c© Gabor Maté 2019. | |
| 300 |
_a306 pages ; _c20 cm. |
||
| 336 |
_atext _2rdacontent _btxt |
||
| 337 |
_aunmediated _2rdamedia _bn |
||
| 338 |
_avolume _2rdacarrier _bnc |
||
| 504 | _aIncludes bibliographical references and index. | ||
| 650 | 0 |
_aMedicine, Psychosomatic _vPopular works. |
|
| 650 | 0 |
_aStress (Psychology) _vPopular works. _92934 |
|
| 942 |
_2ddc _cBK |
||
| 999 |
_c1808 _d1808 |
||